00733nam a2200241 a 4500001001300000003000900013005001700022008004100039020002200080082002000102100001900122245006700141260003700208300000900245500003500254505001000289650001900299650002200318902000800340942000700348952011900355999001700474nice12345678IN_TiNIC20260116013253.0050524s1997 enga grp 000 0 eng  a8171092 c8500a266.00954bMAT1 aMattam, Joseph aMission Trends Todayb Historical and Theological Perspectives aEngland bSt. Pauls Pubs. c1997 a215p aincludes index and biblioraphy2 aIndex aMissions-India aEvangelistic Work bSRS cBK 001040708StackRoom-aHMIbHMId2008-11-12g85.00l0o266.00954 MAT1p019222r2008-11-12v85.00w2005-05-24yBK c10338d10338